LEADER 00650oam 2200193z- 450 001 9910554164803321 010 $a1-66544-569-6 035 $a(CKB)4100000012007459 035 $a(EXLCZ)994100000012007459 100 $a20220628c2021uuuu -u- - 101 0 $aeng 200 00$a2021 IEEE/ACM 3rd International Workshop on Software Engineering Research and Practices for the IoT (SERP4IoT) 210 $cIEEE 311 $a1-66544-570-X 517 $a2021 IEEE/ACM 3rd International Workshop on Software Engineering Research and Practices for the IoT 906 $aPROCEEDING 912 $a9910554164803321 996 $a2021 IEEE$92518023 997 $aUNINA